| Tag |
First Indicator |
Second Indicator |
Subfields |
| LEADER |
00000nam a2200000Mi 4500 |
| 001 |
in00005491237 |
| 006 |
m o d |
| 007 |
cr un||||||||| |
| 008 |
220324s2022 caua fobs 000 0 eng d |
| 005 |
20240923165640.5 |
| 035 |
|
|
|a (OCoLC)on1309048813
|
| 040 |
|
|
|a SGPBL
|b eng
|e rda
|e pn
|c SGPBL
|d OCLCO
|
| 020 |
|
|
|a 9781071885451
|q (online resource)
|
| 020 |
|
|
|a 1071885456
|
| 035 |
|
|
|a (OCoLC)1309048813
|
| 050 |
|
4 |
|a Q180.55.Q36
|b W35 2022
|
| 082 |
0 |
4 |
|a 001.42
|
| 049 |
|
|
|a TXAM
|
| 100 |
1 |
|
|a Walliman, Nicholas,
|e author.
|
| 245 |
1 |
0 |
|a Analysis tools and consistency of process /
|c Nicholas Walliman.
|
| 264 |
|
1 |
|a Los Angeles, CA :
|b SAGE Publications, Inc.,
|c 2022.
|
| 300 |
|
|
|a 1 online resource :
|b illustrations.
|
| 336 |
|
|
|a text
|b txt
|2 rdacontent
|
| 337 |
|
|
|a computer
|b c
|2 rdamedia
|
| 338 |
|
|
|a online resource
|b cr
|2 rdacarrier
|
| 490 |
1 |
|
|a SAGE skills: student success
|
| 504 |
|
|
|a Includes bibliographical references.
|
| 588 |
|
|
|a Description based on XML content.
|
| 650 |
|
0 |
|a Quantitative research
|x Methodology.
|
| 650 |
|
6 |
|a Recherche quantitative
|x Méthodologie.
|
| 830 |
|
0 |
|a Student success.
|
| 856 |
4 |
0 |
|u http://proxy.library.tamu.edu/login?url=https://sk.sagepub.com/skills/student-success/rs/designing-your-research-project/14
|z Connect to the full text of this electronic book
|t 0
|
| 955 |
|
|
|a SAGE eBooks
|
| 955 |
|
|
|a SAGE Skills Student Success Essentials Collection
|
| 955 |
|
|
|a SAGE Skills Student Success Essentials Collection 2024
|
| 994 |
|
|
|a 92
|b TXA
|
| 999 |
f |
f |
|s d85501bd-2109-4857-8d38-bae5f589c625
|i b3f9d3b4-69cf-461d-a845-aca768d670ca
|t 0
|
| 952 |
f |
f |
|a Texas A&M University
|b College Station
|c Electronic Resources
|d Available Online
|t 0
|e Q180.55.Q36 W35 2022
|h Library of Congress classification
|
| 998 |
f |
f |
|a Q180.55.Q36 W35 2022
|t 0
|l Available Online
|